Swami Vivekananda an intuitive scientist/ (Record no. 164968)
[ view plain ]
| 000 -LEADER | |
|---|---|
| fixed length control field | 00553nam a22001937a 4500 |
| 005 - DATE AND TIME OF LATEST TRANSACTION | |
| control field | 20190531110538.0 |
| 010 ## - LCCN (DPL NO) | |
| LC control number | ENG-125421 |
| 020 ## - INTERNATIONAL STANDARD BOOK NUMBER | |
| International Standard Book Number | 9788178236261 |
| Terms of availability | 40.00 |
| 035 ## - SYSTEM CONTROL NUMBER | |
| System control number | EN-108953 |
| 037 ## - SOURCE OF ACQUISITION | |
| Source of stock number/acquisition | DBAD/PUB |
| 082 ## - DEWEY DECIMAL CLASSIFICATION NUMBER | |
| Classification number | 230.33 |
| 100 ## - MAIN ENTRY--PERSONAL NAME | |
| Personal name | Murthy T.G.K |
| 245 ## - TITLE STATEMENT | |
| Title | Swami Vivekananda an intuitive scientist/ |
| Statement of responsibility, etc | by T.G.K Murthy |
| 260 ## - PUBLICATION, DISTRIBUTION, ETC. (IMPRINT) | |
| Place of publication, distribution, etc | Chennai |
| Name of publisher, distributor, etc | Adhyaksha Sri Ramakrishna |
| 270 ## - ADDRESS | |
| Address | Mylapore |
| City | Chennai |
| Postal code | 600004 |
| 300 ## - PHYSICAL DESCRIPTION | |
| Extent | xvi,156p. |
| Dimensions | 18cm(pbk) |
| Other physical details | ill. |
| 500 ## - GENERAL NOTE | |
| General note | include index |
| 942 ## - ADDED ENTRY ELEMENTS (KOHA) | |
| Source of classification or shelving scheme | Dewey Decimal Classification |
| Item type | English Books |
| Classification part | 230.33 |
| Call number suffix | MUR |
| Withdrawn status | Lost status | Not for loan | Collection code | Home library | Current library | Date acquired | Source of acquisition | Cost, normal purchase price | Full call number | Barcode | Copy number | Cost, replacement price | Koha item type |
|---|---|---|---|---|---|---|---|---|---|---|---|---|---|
| Not For Loan | Non-fiction | D.B.Act.Division | Central Library | 31/05/2019 | DBAD/PUB | 40.00 | 230.33 MUR | EN-108953 | 1 | 40.00 | English Books |
